000 00539nam a2200193 a 4500
001 10975
003 CO-ViMGA
008 141112s2004 ck r 000 u spa d
020 _a9583303100
040 _aCO-ViMGA
_bspa
_cCO-ViMGA
082 0 4 _a918.6
_bA57g
100 1 _aAntei Giorgio,
_99996
245 1 0 _aGuia de forasteros, viajes ilustrados por Colombia
260 _aBogotá,
_cSeguros Bolivar,
_c1995
300 _a174 p. il.
650 1 4 _aCOLOMBIA - DESCRIPCIONES
_910222
650 1 4 _aVIAJES 1817 - 1857
_910223
942 _2ddc
_cBK
999 _c22193
_d22193